Southville International School and Colleges
Your cart is empty.
  • Cart
  • Lists
    Public lists list_1 View all
    Your lists Log in to create your own lists
  • Log in to your account
  • Your cookies
  • Search history
Southville International School and Colleges
  • Advanced search
  • Recent comments
  • Most popular
  • Libraries

Log in to your account

Log in with GOOGLE


If you do not have an external account, but do have a local account, you can still log in:

  1. Home
  2. MARC view: Development and assessment of digital audiovisual youtube lectures for an engineering course in numerical methods /
Normal view MARC view ISBD view

Development and assessment of digital audiovisual youtube lectures for an engineering course in numerical methods / (Record no. 120913)

[ view plain ]
MARC details
000 -LEADER
fixed length control field 00640nam a2200205Ia 4500
008 - FIXED-LENGTH DATA ELEMENTS--GENERAL INFORMATION
fixed length control field 140626s9999 xx 000 0 und d
100 ## - MAIN ENTRY--PERSONAL NAME
Personal name Kaw.
245 ## - TITLE STATEMENT
Title Development and assessment of digital audiovisual youtube lectures for an engineering course in numerical methods /
Statement of responsibility, etc Kaw ... [et al.].
260 ## - PUBLICATION, DISTRIBUTION, ETC. (IMPRINT)
Date of publication, distribution, etc c2011.
300 ## - PHYSICAL DESCRIPTION
Extent 2 : 2, page 89
440 ## - SERIES STATEMENT/ADDED ENTRY--TITLE
Title Computers in Education Journal
521 ## - TARGET AUDIENCE NOTE
Target audience note
650 ## - SUBJECT ADDED ENTRY--TOPICAL TERM
Topical term or geographic name as entry element Cyber learning.
650 ## - SUBJECT ADDED ENTRY--TOPICAL TERM
Topical term or geographic name as entry element Digital audiovisual lectures.
650 ## - SUBJECT ADDED ENTRY--TOPICAL TERM
Topical term or geographic name as entry element Engineering.
650 ## - SUBJECT ADDED ENTRY--TOPICAL TERM
Topical term or geographic name as entry element Lecture development/assessment.
650 ## - SUBJECT ADDED ENTRY--TOPICAL TERM
Topical term or geographic name as entry element Modular videos.
650 ## - SUBJECT ADDED ENTRY--TOPICAL TERM
Topical term or geographic name as entry element Youtube videos.
942 ## - ADDED ENTRY ELEMENTS (KOHA)
Koha item type Periodicals
Holdings
Withdrawn status Lost status Damaged status Home library Current library Shelving location Date acquired Total Checkouts Barcode Date last seen Price effective from Koha item type
      College Library College Library   06/26/2014   S0021 06/26/2014 06/26/2014 Periodicals

Development and assessment of digital audiovisual youtube lectures for an engineering course in numerical methods /

APA

Kaw, . (2011). Development and assessment of digital audiovisual youtube lectures for an engineering course in numerical methods. : .

Chicago

Kaw, . 2011. Development and assessment of digital audiovisual youtube lectures for an engineering course in numerical methods. : .

Harvard

Kaw, . (2011). Development and assessment of digital audiovisual youtube lectures for an engineering course in numerical methods. : .

MLA

Kaw, . Development and assessment of digital audiovisual youtube lectures for an engineering course in numerical methods. : . 2011.

  • Place hold
  • Print
  • Cite
  • Add to your cart (remove)
  • Save record
    BIBTEX Dublin Core MARCXML MARC (non-Unicode/MARC-8) MARC (Unicode/UTF-8) MARC (Unicode/UTF-8, Standard) MODS (XML) RIS
  • More searches
    Search for this title in:
    Other Libraries (WorldCat) Other Databases (Google Scholar) Online Stores (Bookfinder.com) Open Library (openlibrary.org)

Exporting to Dublin Core...

SOUTHVILLE LIBRARY

Southville International School and Colleges Library

1281 Tropical Ave. Cor. Luxembourg St., BF Homes International, Las Pinas City

Tel. No. 8256374 / 252358 Loc. 117/146

Powered by Koha